[Event "36th Zalakaros Festival 2017"]
[Site "Zalakaros"]
[Date "2017.05.19"]
[Round "2"]
[White "Rapport, Jovana"]
[Black "Szukics, Adam"]
[Result "1-0"]
[WhiteElo "2334"]
[BlackElo "2229"]
[Annotator "TA"]
[PlyCount "83"]
[EventDate "2017.??.??"]
[EventType "swiss"]
[EventCountry "HUN"]
[SourceTitle "playchess.com"]
[Source "ChessBase"]
[SourceQuality "1"]

{[%evp 17,83,0,0,0,0,0,11,0,0,0,8,-30,-30,-25,-11,-11,-10,-25,0,0,0,0,64,53,0,0,0,-267,-84,-101,-58,-82,-79,-68,-57,-93,7,13,70,-23,-30,-27,150,150,152,151,151,154,155,133,194,197,191,197,209,208,1532,1469,1878,1866,2011,1989,1960,1897,2335,2335,2048,2004]} 1. Nf3 d5 2. c4 e6 3. d4 Nf6 4. Bg5 Nbd7 5. e3 c6 6. Qc2 h6 {D30: Queen's Gambit Declined: Systems without Nc3} (6... Be7 7. Nc3 O-O 8. a3 b6 9. cxd5 cxd5 10. Bd3 Bb7 11. O-O h6 12. Bf4 Rc8 13. Qb3 a6 14. a4 Ne4 15. Rfc1 Ndf6 16. h3 Bd6 17. Bxd6 Qxd6 18. Ne5 Nxc3 19. bxc3 {1-0 (33) Gelfand,B (2720)-Grachev,B (2640) Moscow 2008}) 7. Bh4 Be7 8. Nbd2 O-O 9. Bd3 c5 {LiveBook: 5 Games} 10. Bxf6 Nxf6 11. dxc5 a5 $146 ({Predecessor:} 11... dxc4 12. Qxc4 Bxc5 13. Qxc5 Qxd3 14. Qc4 Qg6 15. O-O b6 {½-½ (76) Samdanov,S (2227)-Sanzhaev,D (2319) Maribor 2012}) 12. cxd5 Nxd5 13. a3 Bd7 14. Bh7+ Kh8 15. Be4 Bb5 16. Nd4 Ba6 17. c6 Rc8 (17... bxc6 $11 18. Nxc6 (18. Qxc6 Qb8 $15) 18... Qc7) 18. Bd3 $1 $14 {[%cal Be4d3,Bd3a6,Ba6b7][%mdl 32]} e5 19. Bxa6 exd4 20. Bxb7 {Strongly threatening e4.} dxe3 21. Nc4 {0-0-0 is the strong threat.} exf2+ 22. Kf1 $2 {[%mdl 8192]} (22. Qxf2 $11 Bh4 23. g3 Re8+ 24. Kf1) 22... Rc7 $2 (22... Bc5 $19 {and Black stays clearly on top. aiming for ...Qh4.} 23. g3 Qf6) 23. Qxf2 $17 Nf6 24. Qd2 {[#]} Qb8 $1 {[%mdl 1024] Black has strong compensation.} 25. Re1 a4 26. Qe3 Nd5 (26... Rd8 $17) 27. Qf3 $11 Rd8 (27... Rxb7 $11 28. cxb7 Qxb7) 28. Rd1 (28. g3 $1 $14) 28... Nf6 {Hoping for ...Rxd1+.} 29. Ke2 Bc5 $2 {[#]} (29... Re8 $1 $11) 30. Rxd8+ $1 $16 Qxd8 31. Rd1 $36 {[%mdl 2048] White is on the roll.} Re7+ 32. Kf1 Qc7 33. g3 Re4 {[#]} (33... Re6 $16) 34. Rd7 $1 $18 {[%cal Rd7c7][%mdl 512]} Nxd7 ({Don't blunder} 34... Qb8 $2 35. c7 $18) 35. Qxe4 Nf6 36. Qe5 Qd8 $2 (36... Qxe5 37. Nxe5 Ne8 38. Nxf7+ Kg8) 37. c7 {White is clearly winning.} (37. Qxc5 Qd1+ 38. Kg2 Qe2+ 39. Kh1 Qe1+ 40. Kg2 Qe2+ 41. Qf2 Qxc4 $11) 37... Qd1+ 38. Qe1 Qd3+ 39. Kg2 Qc2+ 40. Qd2 Qxc4 41. c8=Q+ Kh7 42. Qf5+ {Precision: White = 60%, Black = 31%.} 1-0

[Event "36th Zalakaros Festival 2017"]
[Site "Zalakaros"]
[Date "2017.05.19"]
[Round "2"]
[White "Tica, Sven"]
[Black "Gasanov, Eldar"]
[Result "0-1"]
[WhiteElo "2332"]
[BlackElo "2484"]
[Annotator "TA"]
[PlyCount "126"]
[EventDate "2017.??.??"]
[EventType "swiss"]
[EventCountry "HUN"]
[SourceTitle "playchess.com"]
[Source "ChessBase"]
[SourceQuality "1"]

{[%evp 14,126,24,16,14,6,0,0,8,0,31,4,0,0,0,0,13,14,28,30,33,33,41,36,42,34,37,21,13,-9,43,36,39,30,51,40,74,70,81,64,70,63,86,0,86,72,112,64,58,-117,-118,-103,-121,-110,-127,-115,-116,-112,-105,-107,-82,-164,-146,-179,-170,-200,-228,-231,-231,-225,-189,-189,-189,-173,-170,-169,-136,-192,-192,-208,-206,-268,-189,-257,-238,-230,-227,-212,-220,-298,-291,-280,-288,-296,-283,-276,-210,-214,-216,-201,-216,-304,-304,-435,-435,-5697,-5679,-5638,-5509,-4812,-658,-560,-556,-532,-515]} 1. d4 f5 2. g3 Nf6 3. Bg2 g6 4. c3 Bg7 5. Qb3 Nc6 6. Nd2 e6 7. Nh3 O-O {A81: Dutch Defence: 2 g3} (7... d5 8. Nf4 O-O 9. Nd3 a5 10. Nf3 Ne4 11. O-O a4 12. Qc2 Bd7 13. Rb1 b6 14. Be3 g5 15. Rbd1 {½-½ (33) Mirzoev,A (2550)-Sriram,J (2390) Lueneburg 2014}) 8. O-O {LiveBook: 8 Games} b6 9. Nf4 {Bxc6 is the strong threat.} Na5 $146 {The position is equal.} ({Predecessor:} 9... d5 10. Qa4 Qe8 11. Nf3 Ne4 12. Qc2 Ba6 13. Nd3 Rc8 14. a4 Na5 {0-1 (38) Le,M (1810)-To,N (2329) Hanoi 2014}) 10. Qc2 Bb7 11. e4 fxe4 12. Nxe4 Nxe4 13. Bxe4 Bxe4 14. Qxe4 Qf6 15. Nd3 Rae8 16. Bf4 d6 17. Rae1 Qf5 18. Re2 Qb5 19. b3 Qd7 20. Rfe1 c5 21. Bd2 cxd4 (21... c4 $11 22. Nf4 e5) 22. cxd4 $14 Nc6 23. Bc3 Rf5 24. Nf4 d5 25. Qd3 {[%cal Rf4e6]} Nd8 26. Bd2 Rff8 27. Bb4 Rf5 28. Bd2 (28. Kg2 $16) 28... Qf7 (28... Rff8 $1 $11) 29. h4 $16 Qf6 30. Qb5 Qf7 $1 31. g4 $2 (31. Qa4 $14) 31... Rxf4 $17 32. Bxf4 {Hoping for Bg3.} a6 $1 {[%cal Ra6b5]} 33. Qxd5 {Threatens to win with Qe4.} ({Avoid the trap} 33. Qa4 $2 b5 $19) 33... Qxf4 (33... exd5 $2 {is the wrong capture.} 34. Rxe8+ Bf8 35. Bh6 $18) 34. Qe4 Qf6 35. d5 e5 36. g5 Qe7 37. Qc4 (37. Rc2 $17) 37... Nf7 38. Qxa6 Qd7 {aiming for ...Qg4+.} 39. Qa4 b5 40. Qe4 Nd6 41. Qb4 e4 42. Rxe4 Nxe4 43. Rxe4 Rd8 44. a4 bxa4 45. Qxa4 (45. bxa4 $17 Qxd5 46. Qc4) 45... Qxd5 $19 46. Re8+ {[#]} Rxe8 $1 47. Qxe8+ Bf8 48. Qe3 (48. Qa4 {might work better.}) 48... Qd1+ 49. Kg2 {intending Qe6+.} Qg4+ 50. Kf1 Kf7 51. Qe5 Qh3+ 52. Kg1 Qxb3 53. Qh8 Qb1+ 54. Kg2 Qb7+ 55. f3 {[#]} Ke8 $1 56. Qe5+ Qe7 57. Qb5+ (57. Qd5 {was worth a try.}) 57... Kf7 58. h5 (58. Qc4+ {keeps fighting.} Qe6 59. Qc7+ Be7 60. Kf2) 58... Qe6 {Black is clearly winning.} 59. hxg6+ (59. Kf1 $142) 59... hxg6 60. Qb7+ Be7 61. Qb5 Qf5 62. Qc4+ Kf8 63. f4 Qg4+ {Precision: White = 40%, Black = 64%.} 0-1

[Event "36th Zalakaros Festival 2017"]
[Site "Zalakaros"]
[Date "2017.05.19"]
[Round "2"]
[White "Paszewski, Mateusz"]
[Black "Jakab, Bela"]
[Result "1/2-1/2"]
[WhiteElo "2327"]
[BlackElo "2216"]
[Annotator "TA"]
[PlyCount "59"]
[EventDate "2017.??.??"]
[EventType "swiss"]
[EventCountry "HUN"]
[SourceTitle "playchess.com"]
[Source "ChessBase"]
[SourceQuality "1"]

{[%evp 15,59,40,58,25,50,18,15,19,19,16,16,9,23,10,23,18,23,17,17,11,3,-29,16,12,64,55,86,95,93,100,140,0,59,0,122,34,29,0,0,0,0,0,2,0,0,0]} 1. e4 e6 2. d4 d5 3. Nd2 c5 4. Ngf3 Nc6 5. exd5 Qxd5 6. Bc4 Qd8 7. dxc5 Bxc5 8. O-O Nf6 9. a3 {C07: French Tarrasch: 3...c5, 4 Ngf3 and 4 exd5 Qxd5} (9. Nb3 Qxd1 10. Rxd1 Be7 11. c3 Bd7 12. a4 O-O 13. a5 Rfd8 14. a6 bxa6 15. Rxa6 Rac8 16. Be2 Nd5 {½-½ (36) Friedel,J (2505)-Robson,R (2631) Saint Louis 2014}) 9... a6 $146 ({Predecessor:} 9... O-O 10. b4 Be7 11. Bb2 b6 12. Nb3 a6 13. Qe2 Bb7 14. Rad1 Qc7 15. Nbd4 b5 16. Bb3 Nxd4 17. Nxd4 Nd5 18. Nxe6 Nf4 19. Qg4 Nxe6 20. Bxe6 g6 21. Qd4 {1-0 (21) Rud,A-Kapkan,E (2023) Vladivostok 2011}) 10. Qe2 (10. b4 $5 {[%cal Rb4c5]} Be7 11. Bb2 $14) 10... b5 11. Bd3 Bb7 12. Ne4 Be7 13. Rd1 Qc7 14. c3 O-O 15. Nfg5 g6 16. Nxf6+ Bxf6 17. Qf3 $36 {[%mdl 2048] White is pushing.} Qe7 18. Qg3 h6 19. Ne4 Bg7 (19... Bh4 $11 20. Qh3 Ne5 21. Bxh6 Rfd8) 20. Be3 $14 {And now Bc5 would win.} Rfc8 21. Bc5 Qc7 22. Bd6 Qb6 {[#]} 23. Bc5 (23. b4 $1 $16) 23... Qc7 24. Bd6 (24. Qxc7 $14 Rxc7 25. Bd6) 24... Qb6 $1 $16 {[#]} 25. Nc5 (25. b4 $1 $16) 25... Ne5 $1 $14 26. Nxb7 (26. Nxe6 $5 Qxd6 27. Nxg7 $16) 26... Nxd3 {The position is equal.} 27. Rxd3 {aiming for Qf3.} Qxb7 28. Rad1 Rd8 29. Qe3 (29. Bb4 $5 {[%cal Rd3d8]} Rxd3 30. Qxd3 $11) 29... Rd7 30. Be5 {Precision: White = 50%, Black = 63%.} 1/2-1/2

[Event "36th Zalakaros Festival 2017"]
[Site "Zalakaros"]
[Date "2017.05.19"]
[Round "2"]
[White "Cebalo, Miso"]
[Black "Horvath, Adam"]
[Result "0-1"]
[WhiteElo "2320"]
[BlackElo "2469"]
[Annotator "TA"]
[PlyCount "106"]
[EventDate "2017.??.??"]
[EventType "swiss"]
[EventCountry "HUN"]
[SourceTitle "playchess.com"]
[Source "ChessBase"]
[SourceQuality "1"]

{[%evp 12,106,4,3,4,0,0,-13,0,-4,-6,0,-14,-2,0,-37,-35,-49,-28,-10,-10,-12,-20,-36,0,0,0,0,0,-41,-38,-41,-45,-39,-45,-79,-79,-80,-82,-109,-110,-155,-113,-161,-74,-79,-37,-40,-35,-95,-107,-105,-86,-95,0,0,0,-156,-171,-157,-143,-116,-166,-263,-268,-296,-296,-397,-387,-395,-384,-351,-284,-297,-123,-104,-31,-31,-31,-615,-463,-39,-8,-8,-8,-8,-8,-83,-83,-83,-83,-3553,-2494,-1218,-1858,-29971,-29967]} 1. Nf3 c5 2. c4 Nc6 3. g3 g6 4. Nc3 Bg7 5. Bg2 d6 6. a3 e6 7. O-O Nge7 {A37: Symmetrical English vs ...g6: 4 Bg2 Bg7 5 Nf3} 8. d3 (8. Rb1 O-O 9. b4 b6 10. Qb3 Bb7 11. Bb2 Rb8 12. Nb5 e5 13. e3 Ba8 14. Rfd1 Qd7 15. d4 a6 16. dxe5 axb5 17. cxb5 {0-1 (65) Agdestein,S (2606)-Grischuk,A (2774) Berlin 2015}) 8... O-O 9. Bg5 h6 {The position is equal.} 10. Bd2 b6 11. Rb1 Bb7 12. b4 Qd7 13. bxc5 dxc5 14. Nb5 {[#]} e5 $146 ({Predecessor:} 14... Rfd8 15. Qc1 Kh7 16. Bc3 e5 17. Ba1 Nd4 18. Nbxd4 exd4 {½-½ (28) Cvek,R (2525)-Antoniewski,R (2540) Slovakia 2016}) 15. a4 a5 16. Bc3 Rad8 17. Qc2 Nd4 18. Nbxd4 exd4 19. Bd2 Nc8 $1 20. h4 Bc6 21. Ra1 Rfe8 22. Rfe1 Re7 23. Nh2 Bxg2 24. Kxg2 Rde8 25. Bf4 f6 26. Rad1 g5 27. hxg5 hxg5 (27... Qc6+ $19 {has better winning chances.} 28. Kg1 fxg5) 28. Bc1 $17 Kf7 {And now ...Rh8 would win.} 29. e4 $1 dxe3 30. Rxe3 (30. fxe3 $15 Rh8 31. Kg1) 30... Rh8 31. Rh1 Qh3+ 32. Kg1 f5 (32... Rxe3 $17 33. Bxe3 Qd7) 33. Rxe7+ $11 Nxe7 34. Qe2 $2 (34. Bxg5 $11 Bd4 35. Bh4) 34... g4 $1 $36 {[%mdl 2048] Black is in control.} 35. Qf1 Qxf1+ $1 36. Nxf1 Rd8 37. Bf4 (37. Bg5 {might work better.}) 37... Rxd3 $19 38. Ne3 Ra3 $1 39. Bc7 Rxa4 40. Bxb6 Ra1+ 41. Kg2 {intending Rxa1.} Rxh1 42. Kxh1 Bd4 (42... a4 $19 {is more deadly.} 43. Bxc5 Bb2) 43. Bxa5 $17 Bxe3 (43... Ke6 $1 $17 {Threatens to win with ...Bxe3.} 44. Kg2 Bxe3 45. fxe3 Nc8) 44. fxe3 {[%mdl 4096] Endgame KB-KN} Ke6 {aiming for ...Nc6.} 45. Kg2 $2 {[%mdl 8192]} (45. Kg1 $15) 45... Nc8 $1 $19 46. e4 $2 (46. Kf1 $19 Nd6 47. Bb6) 46... Ke5 47. exf5 Kxf5 48. Kf2 Ke4 49. Bd8 (49. Ke2 $1 $11) 49... Kd3 $1 $17 50. Bc7 {[#]} Kd4 $1 51. Bd8 $2 {[%mdl 8192] [#]} (51. Ke2 $17) 51... Nd6 $1 $19 {[%cal Rd6e4]} 52. Bf6+ Kd3 {( -> ...Ne4+)} 53. Be7 Ne4+ {Precision: White = 36%, Black = 67%.} 0-1

[Event "36th Zalakaros Festival 2017"]
[Site "Zalakaros"]
[Date "2017.05.19"]
[Round "2"]
[White "Blohberger, Felix"]
[Black "Szente Varga, Fruzsina"]
[Result "1-0"]
[WhiteElo "2319"]
[BlackElo "2190"]
[Annotator "TA"]
[PlyCount "57"]
[EventDate "2017.??.??"]
[EventType "swiss"]
[EventCountry "HUN"]
[SourceTitle "playchess.com"]
[Source "ChessBase"]
[SourceQuality "1"]

{[%evp 11,57,44,58,26,48,29,35,29,32,33,32,-4,-2,1,6,0,4,0,7,5,35,0,7,7,7,7,7,7,16,16,17,7,87,87,92,97,92,98,29989,471,1338,1308,1152,1002,29989,29990,29990,29991]} 1. d4 Nf6 2. c4 g6 3. Nc3 Bg7 4. e4 d6 5. Be2 O-O 6. Be3 c5 7. dxc5 {E73: King's Indian: Averbakh Variation without 6...c5} (7. d5 {feels hotter.} Re8 8. Nf3 e6 9. Nd2 Na6 10. O-O) 7... dxc5 (7... Qa5 8. Bd2 dxc5 9. e5 Ne8 10. f4 f6 11. Nd5 Qd8 12. Be3 Na6 13. Nf3 Bg4 14. Qb3 e6 15. Nc3 fxe5 16. fxe5 Bxf3 17. Bxf3 Bxe5 18. Qxb7 {½-½ (33) Iturrizaga Bonelli,E (2671)-Jones,G (2671) Dubai 2017}) 8. e5 Qxd1+ 9. Rxd1 {White is slightly better.} ({Inferior is} 9. Kxd1 Ng4 $17) 9... Ng4 10. Bxc5 {aiming for Nd5.} Nxe5 11. Nf3 $146 (11. Bxe7 {is more complex.} Re8 12. Bg5 Bf5 13. Kf1 h6 14. Bh4) ({Predecessor:} 11. Nd5 Nbc6 12. f4 Ng4 13. Bf3 Bxb2 14. Ne2 Rb8 {1-0 (37) Kumaran,D (2465)-Hebden,M (2530) Kopavogur 1994}) 11... Nxf3+ 12. Bxf3 Bxc3+ 13. bxc3 Nd7 14. Bd4 Nb6 15. c5 Nc4 (15... e5 $5) 16. c6 bxc6 17. Bxc6 Rb8 18. Bxa7 Rb2 19. O-O $36 {[%mdl 2048] Black is under pressure.} Rxa2 20. Bc5 Bg4 21. f3 ({Don't play} 21. Bxe7 Bxd1 22. Rxd1 Rc8 $17) 21... Rc8 (21... Be6 $11 {remains equal.} 22. Ra1 (22. Bxe7 Rc8 $11) 22... Nd6) 22. fxg4 $16 Rxc6 23. Rd8+ Kg7 24. Bxe7 {White threatens Bf8+ and mate.} h5 $2 {[%mdl 8192] [#]} (24... g5 $16) 25. g5 (25. Bf8+ $142 Kg8 26. Bc5+ Kg7 27. Bd4+ f6 28. g5 Kf7 29. gxf6 Rc7 30. Rh8) 25... f5 (25... Ne5 $142 26. Bf6+ Rxf6) 26. gxf6+ $18 Kf7 27. Re1 {[%csl Ge7][%cal Rd8f8]} g5 28. Rf8+ Kg6 29. Rg8+ {Precision: White = 43%, Black = 39%.} 1-0

[Event "36th Zalakaros Festival 2017"]
[Site "Zalakaros"]
[Date "2017.05.19"]
[Round "2"]
[White "Beletic, Daniel"]
[Black "Ugroczky, Peter"]
[Result "1/2-1/2"]
[WhiteElo "2315"]
[BlackElo "2185"]
[Annotator "TA"]
[PlyCount "73"]
[EventDate "2017.??.??"]
[EventType "swiss"]
[EventCountry "HUN"]
[SourceTitle "playchess.com"]
[Source "ChessBase"]
[SourceQuality "1"]

{[%evp 29,73,37,39,22,38,12,12,-16,15,-35,56,39,42,14,30,-31,-34,-53,-19,-16,0,0,0,-297,-291,-472,-450,-407,0,0,0,0,0,0,0,0,0,0,0,-664,0,0,0,0,0,0]} 1. Nf3 d5 2. g3 Nf6 3. Bg2 e6 4. O-O Be7 5. c4 O-O 6. b3 b6 7. Bb2 Bb7 8. e3 dxc4 9. bxc4 c5 10. Qe2 Nc6 11. Rd1 Qc7 12. Nc3 a6 13. Rac1 Rfd8 14. d4 {A14: English Opening: 1...e6 with b3 by White} (14. Ba1 Rab8 15. Na4 Ba8 16. d4 Qa7 17. Ng5 h6 18. Ne4 Nxe4 19. Bxe4 Na5 20. d5 b5 21. cxb5 axb5 {1-0 (34) Kramnik,V (2760)-Mista,A (2616) Doha 2014}) 14... cxd4 15. exd4 Na5 {LiveBook: 3 Games} 16. Nb1 {White is slightly better.} Rac8 {[%cal Ra5c4]} 17. Nbd2 (17. d5 $5) 17... Re8 {[#]} 18. Re1 $146 ({Predecessor:} 18. Bh3 Rcd8 19. Bg2 {½-½ (21) Dizdar,G (2565)-Ragger,M (2540) Austria 2009}) 18... Nd7 19. Bh3 Bf6 ({Black should play} 19... Bxf3 $15 20. Nxf3 Nxc4) 20. Ba3 $14 Qb8 21. Qf1 Red8 22. d5 (22. Bb4 $11) 22... exd5 $15 {[%cal Be6d5,Bd5c4][%mdl 32]} 23. Be7 Bxe7 24. Rxe7 Qd6 25. Rce1 {Hoping for Bxd7.} h6 {[%cal Rd5c4]} (25... dxc4 $2 26. Bxd7 Rb8 27. Nxc4 $18) 26. Qe2 $2 {[%mdl 8192]} (26. Bxd7 $11 {and White stays safe.} Rxd7 27. Re8+ Rxe8 28. Rxe8+ Kh7 29. Qd3+ Qg6 30. Qa3) 26... dxc4 $19 27. Rxf7 $2 (27. Nb1) 27... Kxf7 28. Be6+ Kg6 $2 (28... Kf8 $19 29. Nh4 Ne5 $1 {[%mdl 512]} 30. Qxe5 Qxe5 31. Ng6+ Ke8 32. Nxe5 c3) 29. Nh4+ $1 $11 {[%cal Bf3h4,Bh4g6,Bg6f8][%mdl 32]} Kh7 30. Bf5+ Kg8 31. Be6+ $1 Kh7 32. Bf5+ Kg8 33. Be6+ $1 Kh8 34. Ng6+ Kh7 35. Ne4 $1 {[%cal Re4d6] The position is equal.} Bxe4 36. Qxe4 {Threatening mate with Nf8+.} Qd3 $1 {[%cal Rd3e4]} ({Not} 36... Nf6 37. Nf8+ Kh8 {[#]} 38. Qh7+ $1 {[%mdl 512]} Nxh7 39. Ng6#) 37. Nf8+ $1 {Precision: White = 33%, Black = 37%.} 1/2-1/2

[Event "36th Zalakaros Festival 2017"]
[Site "Zalakaros"]
[Date "2017.05.19"]
[Round "2"]
[White "Secheres, Adrian-Simion"]
[Black "Hradeczky, Tamas"]
[Result "1-0"]
[WhiteElo "2309"]
[BlackElo "2146"]
[Annotator "TA"]
[PlyCount "123"]
[EventDate "2017.??.??"]
[EventType "swiss"]
[EventCountry "HUN"]
[SourceTitle "playchess.com"]
[Source "ChessBase"]
[SourceQuality "1"]

{[%evp 14,123,19,11,21,20,24,13,31,11,13,9,19,10,26,0,23,29,27,20,37,34,230,235,236,73,74,54,166,155,155,156,144,139,173,185,168,175,175,118,106,89,84,83,84,75,207,213,191,183,212,196,209,208,185,207,214,185,199,197,192,183,173,172,212,212,229,212,259,215,212,212,231,253,331,304,370,362,329,278,287,297,381,358,395,314,314,314,306,313,368,363,343,332,291,290,290,283,583,573,632,629,620,625,625,618,602,568,620,599,1072,1052]} 1. d4 Nf6 2. Nf3 e6 3. Bf4 c5 4. e3 Nc6 5. c3 Be7 6. h3 b6 7. Nbd2 Bb7 8. Bd3 d6 {A47: 1 d4 Nf6 2 Nf3 b6: Torre, London and Colle Systems} (8... d5 9. Ne5 O-O 10. O-O Nd7 11. Nxc6 Bxc6 12. a4 a5 13. Qe2 Nf6 14. Nf3 Bb7 15. Bb5 Qc8 16. Rac1 {0-1 (51) Vachier Lagrave,M (2723)-Caruana,F (2697) Biel 2010}) 9. Qe2 h6 10. a4 $146 ({Predecessor:} 10. Bh2 a6 11. a4 O-O 12. O-O Re8 13. e4 cxd4 14. Nxd4 Ne5 15. Bc2 Bf8 16. f4 {1-0 (41) Mueller,M (2226)-Voicu Jagodzinsky,C (2254) Herne 2008}) 10... Qc7 {The position is equal.} 11. Nc4 Rd8 12. O-O O-O 13. Rad1 Rfe8 14. Bh2 Bf8 15. dxc5 bxc5 16. e4 e5 17. Ne3 Nd4 $2 (17... Ne7 $14) 18. cxd4 $18 exd4 {[#]} 19. Nf5 $2 (19. e5 $1 $18 {and the rest is easy.}) 19... Nxe4 20. Qc2 Qd7 ({Black should play} 20... Qc8 $1 $14) 21. N5xd4 cxd4 22. Bb5 ({Don't take} 22. Nxd4 $6 a6 $14) 22... d3 23. Rxd3 Qf5 24. Bxe8 Rxe8 25. Rc3 Qa5 26. b4 (26. Rc4 $18) 26... Qxb4 $16 27. Rc7 {And now Rb1 would win.} Nc5 28. Qa2 Re6 {[#]} 29. Qb1 $1 $36 {[%cal Rb1b4][%mdl 2048] White is in control.} Qxb1 (29... a5 $16 {keeps fighting.}) 30. Rxb1 $18 Be4 31. Ra1 a5 32. Nd4 Re8 33. Nb5 Rd8 34. f3 Bg6 35. Bxd6 Rxd6 36. Rxc5 Rd8 37. Rcc1 Kh7 38. Rd1 Rc8 39. Rac1 Rb8 40. Rd7 f6 41. Rdc7 Bb4 42. Rc8 Rxc8 43. Rxc8 {[%mdl 4096] Endgame KRN-KB} Bf7 44. Nd4 h5 45. Kf2 Kg6 46. g3 Ba2 47. f4 {[%cal Bf3f4,Bf4f5][%mdl 32]} Bd6 48. Ke3 Kf7 49. Nf5 Bf8 50. Rc7+ Kg8 51. Nd4 g5 52. f5 Bd6 53. Rc8+ Kf7 54. g4 hxg4 55. hxg4 Ke7 $2 (55... Bd5 56. Rc3 Bb4 57. Rc7+ Ke8) 56. Rc2 {White is clearly winning.} Bd5 57. Nc6+ Kd7 58. Nxa5 Bf4+ 59. Kf2 Be4 60. Rc4 Bd5 61. Rc3 Kd6 62. Nc4+ {Precision: White = 68%, Black = 38%.} 1-0

[Event "36th Zalakaros Festival 2017"]
[Site "Zalakaros"]
[Date "2017.05.19"]
[Round "2"]
[White "Pultorak, Jan"]
[Black "Aczel, Gergely"]
[Result "1-0"]
[WhiteElo "2303"]
[BlackElo "2546"]
[Annotator "TA"]
[PlyCount "147"]
[EventDate "2017.??.??"]
[EventType "swiss"]
[EventCountry "HUN"]
[SourceTitle "playchess.com"]
[Source "ChessBase"]
[SourceQuality "1"]

{[%evp 16,147,0,0,4,0,11,0,22,15,32,22,28,33,90,30,35,36,39,25,28,34,49,41,82,80,129,32,46,53,68,11,11,15,147,14,54,0,0,0,0,0,0,0,123,0,1100,1067,1583,1542,1322,762,711,748,750,747,1117,1102,1075,1027,5616,10773,6721,4928,1641,357,342,346,349,293,325,341,337,316,321,308,306,300,274,167,162,162,303,281,290,290,312,281,319,330,321,310,316,305,314,252,285,264,288,252,281,273,241,258,232,233,279,268,808,682,736,736,5591,768,29948,29953,5065,5065,29961,29965,29965,29966,29954,29945,6462,5291,5197,2108,29976,29978,29980,29979,29991,29992]} 1. d4 Nf6 2. Nf3 e6 3. e3 d5 4. Bd3 Nbd7 5. O-O b6 6. b3 Bb7 7. Bb2 Bd6 8. Nbd2 O-O 9. c4 Qe7 {E14: Queen's Indian: Classical Variation (4 e3)} (9... Ne4 10. Ne5 Nxd2 11. Qxd2 Nxe5 12. dxe5 Bc5 13. Qe2 dxc4 14. Bxc4 Qg5 15. e4 Rad8 16. Rad1 Qf4 17. Bd3 Bd4 18. Bc1 Qxe5 19. Kh1 {0-1 (41) Kogan,A (2540)-Kovalenko,I (2700) Bastia 2015}) 10. Ne5 Ne4 11. Rc1 Bxe5 $146 {The position is equal.} ({Predecessor:} 11... Rad8 12. cxd5 exd5 13. Nc6 Bxc6 14. Rxc6 f5 15. g3 Rf6 16. Kg2 Rdf8 17. f3 Nxg3 18. hxg3 Bxg3 19. Rxf6 Rxf6 {1-0 (28) Mihajlov,S (2384)-Vanheirzeele,D (2154) Caleta 2017}) 12. dxe5 Ndc5 13. Ba3 Rfd8 14. cxd5 Bxd5 (14... Nxd2 $14 15. Bxc5 (15. Qxd2 Rxd5 16. Bxc5 Rxc5 $11) 15... Qd7 16. Qxd2 Qxd5 17. Bxh7+ Kxh7 18. Qxd5 Rxd5) 15. Bxe4 ({White should try} 15. f3 $1 $16 {[%cal Rd3e4]} Nxd2 16. Qxd2) 15... Bxe4 $11 16. Bxc5 bxc5 17. Qg4 Rxd2 18. Qxe4 Rad8 19. Qa4 R8d5 20. Qxa7 h6 21. Qb8+ (21. a4 $16) 21... Kh7 22. a4 Rxe5 23. a5 (23. Qb5 $14) 23... Qd6 24. Ra1 $36 {[%mdl 2048] Black is under pressure.} Rh5 (24... Rg5 $1 $11) 25. g3 ({White must play} 25. h3 $16 Qd5 26. Qxc7) 25... Qe5 26. Qb5 (26. Ra4 $1 $14 Rf5 27. Qb7) 26... Rxf2 $1 27. Qd3+ f5 28. Kxf2 Rxh2+ 29. Kf3 Qb2 (29... g5 $11 {keeps the balance.} 30. Qd7+ Kg6 31. Qe8+ Kg7 32. Qd7+ Kg6 33. Qe8+ Kg7 34. Qe7+ (34. Qd7+ Kg6 $11) 34... Kg6 35. Qe8+) 30. Rae1 (30. Rab1 $1 $16 {[%cal Rb1b2]} Qg2+ 31. Kf4) 30... Rd2 $2 {[%mdl 8192]} (30... g5 $11 31. Qd7+ Kh8 32. Qc8+ Kh7 33. Qd7+ Kh8 34. Qd8+ Kh7 35. Qe7+ Kh8 36. Qf8+ Kh7 37. Qf7+ Kh8 38. Qe8+ Kh7 39. Qf7+ Kh8 40. Qe8+ Kh7 41. Qf7+) 31. Re2 $18 Rxe2 32. Qxe2 Qxb3 33. Kg2 Qa4 34. Qd2 c4 35. Qc3 h5 36. Ra1 Qc6+ 37. Kf2 Qe4 38. a6 {[%cal Ba5a6,Ba6a7][%mdl 32]} h4 39. a7 hxg3+ 40. Kxg3 $2 (40. Kg1) 40... Qg4+ 41. Kf2 Qh4+ 42. Ke2 $1 Qg4+ 43. Kd2 Qg2+ 44. Kd1 Qf3+ 45. Kc1 Qh1+ 46. Kb2 Qb7+ 47. Ka3 Qxa7+ 48. Kb4 Qb7+ (48... Qb6+ {might work better.} 49. Kxc4 Qc6+ 50. Kb3 Qb5+ 51. Kc2 Qe2+ 52. Qd2 Qc4+ 53. Kd1 (53. Qc3 Qe2+ 54. Qd2 Qc4+ 55. Kd1 Qf1+ 56. Qe1 Qd3+ 57. Kc1 Qc4+ 58. Kd2 g5 $18) 53... Qf1+ 54. Qe1 Qd3+ 55. Kc1 Qc4+ 56. Kd2 g5) 49. Kxc4 Qd5+ 50. Kb4 Qb7+ 51. Ka3 Qa6+ 52. Kb2 Qe2+ 53. Kc1 $1 Qf1+ 54. Kd2 Qg2+ 55. Kd1 $1 Qf3+ 56. Kc2 Qe2+ {[#]} 57. Qd2 $1 {[%cal Rd2e2]} Qc4+ {[#]} 58. Kd1 $1 ({Don't do} 58. Qc3 $6 Qe2+ 59. Qd2 Qc4+ 60. Kd1 (60. Qc3 Qe2+ $18) 60... Qf1+ 61. Qe1 Qd3+ 62. Qd2 (62. Kc1 g5 $18) 62... Qf1+ 63. Qe1 Qd3+ 64. Kc1 g5 $18) 58... Qf1+ 59. Qe1 Qd3+ 60. Kc1 Qc4+ 61. Kd2 e5 $2 (61... g5 62. Qh1+ Kg6) 62. Qh1+ Kg6 63. Qb7 Kg5 64. Rc1 (64. Rg1+ $142 Kf6 65. Rc1 Qa2+ 66. Rc2 Qa5+ 67. Ke2) 64... Qa2+ 65. Rc2 Qa5+ 66. Ke2 g6 67. Qxc7 Qb5+ 68. Kf2 Qd3 69. Qc4 Qd1 70. Qe2 Qb1 71. Rd2 f4 72. exf4+ {White mates.} exf4 73. Kf3 Qf5 74. Qe7+ {Precision: White = 61%, Black = 39%.} 1-0